000 00529nam a2200181Ia 4500
001 5131
005 20260306145845.0
008 260306t2017||||xx |||||||||||||| ||spa||
041 _aESP
082 _a333.79
_bM61
100 _aMinisterio de Energía y Minas
_eAUT
245 0 _aReglamento técnico sobre el etiquetado de eficiencia energética:
_bpromoviendo buenas prácticas en el consumo de energía
260 _c2017
300 _a296 páginas :
_c24 cm.
650 _aGEN
654 _aCAN
942 _cLIB
_dJUS
_fJUS
_2ddc
_n
999 _c5131
_d5131